LEADER 01304nam a2200301 i 4500 001 000000161471 003 CaOOAMICUS 005 20070517000000.0 008 070517s2004 it u000 u ita u 013 $a138834 020 $a88-04-52372-7 040 $aSeMil$bita 245 10$aCrociate :$btesti storici e poetici /$ca cura e con introduzione di Gioia Zaganelli. 260 $aMilano :$bMondadori,$ccopyr. 2004. 300 $aLXXVI, 1925 p. :$bill. ;$c18 cm. 490 0 $aI Meridiani ;$v. 490 0 $aI Meridiani. Classici dello spirito 500 $aContiene : I testi francesi con trad. italiana a fronte. - Bibliografia. - In custodia. 650 4$aCrociate - Testi.$0(OLS)http://semarc/subject/17604 700 1 $aZaganelli, Gioia.$0(OLS)http://semarc/name/42626 830 2$aI Meridiani ;$v.$0(OLS)http://semarc/title/6832 830 2$aI Meridiani. Classici dello spirito.$0(OLS)http://semarc/title/23244 850 $aSeMil 852 $aSeMil$W1$xVenegono$y1$m3T I 22$j112870$B112870$CSeMilBibl$Z2$F124562 $81 961 $aAcquisto: Einaudi (Agente) 996 $6020$a88-04-52372-7$9(OLS)http://semarc/number/77517 996 $6245$aCrociate :$btesti storici e poetici$9(OLS)http://semarc/title/144577 996 $6260$aMilano :$bMondadori$9(OLS)http://semarc/publisher/30335 LEADER 00938nam a2200205 i 4500 001 000000122738 003 CaOOAMICUS 005 20140805000000.0 008 140805s1861 it u000 u ita u 013 $a95433 040 $aSeMil$bita 100 1 $aCultrera, Paolo.$0(OLS)http://semarc/name/51017 245 10$aFlora biblica ovvero spiegazione delle piante menzionate nella Sacra Scrittura :$bopera /$cdel p. d. Paolo Cultrera. 260 $aPalermo :$bFrancesco Lao,$c1861. 300 $a486 p., 20 c. di tav. :$bill. ;$c22 cm. 650 4$aBibbia - Ambiente naturale - Piante.$0(OLS)http://semarc/subject/23300 850 $aSeMil 852 $aSeMil$W1$xVenegono$y1$m2W IV 67 FA$j77655$B77655$CSeMilBibl$Z2$F79705 $8I 996 $6245$aFlora biblica ovvero spiegazione delle piante menzionate nella Sacra Scrittura :$bopera$9(OLS)http://semarc/title/180738 996 $6260$aPalermo :$bFrancesco Lao$9(OLS)http://semarc/publisher/46192